000 00650nam a22002057a 4500
003 LK-CoMWRAF
005 20231017230347.0
008 231017b |||||||| |||| 00| 0 eng d
020 _a955972973X
040 _aLK-CoMWRAF
_dLK-CoMWRAF
_eLK-CoMWRAF
041 _aeng
082 _a823
_bFON
100 _aFonseka, E. A. Gamini
245 _aCompanion to fiction :
_bNotes on Martin Wickramasinghe's Madoldhuuwa :
_c(Based on the Sri Lanka GCE (O Level) literature syllabus)
260 _aBandarawela :
_bE. A. Gamini fonseka,
_c2001
300 _a80p. : 23cm.
650 _aCompanion to fiction
650 _aEnglish Fiction--Notes
942 _cBK
999 _c3918
_d3918